Godse's children: (Record no. 151306)

MARC details
000 -LEADER
fixed length control field 00621nam a22002057a 4500
005 - DATE AND TIME OF LATEST TRANSACTION
control field 20180417140333.0
010 ## - LCCN (DPL NO)
LC control number ENG-122752
020 ## - INTERNATIONAL STANDARD BOOK NUMBER
International Standard Book Number 9788172210557
Terms of availability 360.00
035 ## - SYSTEM CONTROL NUMBER
System control number EN-106284
037 ## - SOURCE OF ACQUISITION
Source of stock number/acquisition DBAD/PUB
082 ## - DEWEY DECIMAL CLASSIFICATION NUMBER
Classification number 320.550954
100 ## - MAIN ENTRY--PERSONAL NAME
Personal name Gatade, Subhash
245 ## - TITLE STATEMENT
Title Godse's children:
Statement of responsibility, etc by Subhash Gatade
Remainder of title hindutva terror in india /
250 ## - EDITION STATEMENT
Edition statement 2nd
260 ## - PUBLICATION, DISTRIBUTION, ETC. (IMPRINT)
Place of publication, distribution, etc New Delhi
Name of publisher, distributor, etc Pharos Media & Publishing Pvt. Ltd.
Date of publication, distribution, etc 2013
270 ## - ADDRESS
Address D-84 Abul Fazl Enclave - 1 Jamia Nagar,
City New Delhi
Postal code 110025
300 ## - PHYSICAL DESCRIPTION
Extent 446p.
Dimensions 22cm.(pbk)
Other physical details ill.
500 ## - GENERAL NOTE
General note It include index
942 ## - ADDED ENTRY ELEMENTS (KOHA)
Source of classification or shelving scheme Dewey Decimal Classification
Item type English Books
Call number suffix GAT
Edition 320.550954
Holdings
Withdrawn status Lost status Not for loan Collection code Home library Current library Date acquired Source of acquisition Cost, normal purchase price Full call number Barcode Copy number Cost, replacement price Koha item type
      Non-fiction Shahdara Branch Shahdara Branch 17/04/2018 DBAD/PUB 360.00 GAT EN-106284 1 360.00 English Books

© Delhi Public Library
Hit Counter
free hit counter